| 000 | 01139naa a22003137a 4500 | ||
|---|---|---|---|
| 001 | BR6009690 | ||
| 003 | BR-BrBNA | ||
| 005 | 20240918173057.0 | ||
| 007 | ta | ||
| 008 | 230509b bl.||||| |||| 00| 0 por d | ||
| 040 |
_aBR-BrBNA _bpor _cBiblioteca Nacional de Agricultura |
||
| 041 | _a(Pt) | ||
| 072 |
_aF00; E15 _b0230 _bG514 |
||
| 090 | _aF00 BR6009690 | ||
| 100 | 1 | _aFortuna, A. de P. | |
| 111 | 1 |
_a4. Congresso Brasileiro de Agronomia _cBelo Horizonte, MG (Brazil) _d11 Oct 1965 |
|
| 245 | 1 | _aA lavoura canavieira em Minas Gerais [Cana de acucar; Saccharum officinarum; Brasil] | |
| 260 | 3 |
_aBelo Horizonte, MG (Brasil): _c1965. |
|
| 500 | _aAnais do 4. Congresso Brasileiro de Agronomia Belo Horizonte, MG (Brasil): 1965. p. 219-223 (BR6009690-AM)F00 | ||
| 650 | _aProducao vegetal | ||
| 650 | _aMicroeconomia | ||
| 650 | _aCana de acucar | ||
| 650 | _aPratica cultural | ||
| 650 | _aFinanciamento | ||
| 650 | _aMinas Gerais | ||
| 773 | 0 |
_tAnais do 4. Congresso Brasileiro de Agronomia _wF00 BR6009690 _gBelo Horizonte, MG (Brasil), 1965. p. 219-223 |
|
| 909 |
_a202404 _bLucia _c55 _dLucia Elande |
||
| 942 |
_cAM _2AGRIS |
||
| 999 |
_c302772 _d302772 |
||